[Event "Santo Domingo Gesta Catorce op"]
[Site "Santo Domingo"]
[Date "2016.06.26"]
[Round "4"]
[White "Paulino Rosario, Dalver"]
[Black "Leonardo, Jose Joel"]
[Result "1-0"]
[WhiteElo "1650"]
[BlackElo "1930"]
[PlyCount "43"]
[EventDate "2016.06.24"]
[EventType "swiss"]
[EventRounds "8"]
[EventCountry "DOM"]
[SourceTitle "EXT 2017"]
[Source "ChessBase"]
[SourceDate "2016.10.25"]
[SourceVersion "1"]
[SourceVersionDate "2016.10.25"]
[SourceQuality "1"]

1. e4 d5 2. exd5 Qxd5 3. d4 e5 4. dxe5 Qxd1+ 5. Kxd1 Bc5 6. f4 Bg4+ 7. Be2 Nh6 8. Nc3 Nc6 9. Bd2 0-0-0 10. Kc1 Nd4 11. Bd3 Bf5 12. Ne4 Bb6 13. b3 Ng4 14. Nf3 Nf2 15. Nxf2 Nxf3 16. Bxf5+ Kb8 17. gxf3 Bxf2 18. Rd1 g6 19. Be4 Rxd2 20. Rxd2 Be3 21. Kd1 Bxd2 22. Kxd2 1-0

[Event "Santo Domingo Gesta Catorce op"]
[Site "Santo Domingo"]
[Date "2016.06.25"]
[Round "3"]
[White "Leonardo, Jose Joel"]
[Black "De Leon, Julio Cesar"]
[Result "1-0"]
[WhiteElo "1930"]
[BlackElo "1650"]
[PlyCount "54"]
[EventDate "2016.06.24"]
[EventType "swiss"]
[EventRounds "8"]
[EventCountry "DOM"]
[SourceTitle "EXT 2017"]
[Source "ChessBase"]
[SourceDate "2016.10.25"]
[SourceVersion "1"]
[SourceVersionDate "2016.10.25"]
[SourceQuality "1"]

1. d4 e6 2. e4 c5 3. d5 Nf6 4. Nc3 d6 5. Nf3 e5 6. Be2 Bg4 7. 0-0 a6 8. Bg5 Be7 9. Nh4 Bxe2 10. Qxe2 g6 11. f4 0-0 12. fxe5 dxe5 13. Rad1 Qd6 14. Bh6 Nbd7 15. Bxf8 Rxf8 16. Nf3 Nh5 17. g3 Ng7 18. Qe3 b5 19. a3 Bd8 20. Kg2 f6 21. Ne2 Bc7 22. Nd2 Ne8 23. c4 Bb6 24. cxb5 axb5 25. Qb3 Nc7 26. Nc3 c4 27. Nxb5 Qc5 1-0